000 01032nam a2200313 a 4500
001 46806
003 BD-RjUL
005 20211209054216.0
008 160804s1958 enk ab 001 0 eng
035 _a(BD-RjUL) 46925
040 _aDLC
_cDLC
_dDLC
_dBD-RjUL
_beng
041 _aeng
082 _223
_a153.15
_bHIT 1958
100 1 _aHilgard, Ernest R.
_q(Ernest Ropiequet),
_d1904-2001.
_9116927
245 1 0 _aTheories of learning /
_cErnest R. Hilgard.
250 _a2nd ed.
260 _aLondon :
_bMethuen & Co. Ltd.,
_c1958
300 _aix, 563 p. :
_bill. ;
_c25 cm.
490 _aCentury psychology series (Appleton-Century-Crofts, inc.
500 _aCall number of original: LB1051.H52 1956.
500 _aMaster microform held by: DLC.
500 _aIncludes index.
650 _aLearning, Psychology of
_9133314
650 _aPsychology
_9142611
650 _aLearning
_9142612
830 _aCentury psychology series (Appleton-Century-Crofts, inc.
_9142613
942 _2ddc
_cBK
999 _c46806
_d46806